Country Pairs that Export the Most Computers - Statistics

General Stats
  • This quiz has been taken 120 times
  • The average score is 16 of 20
Answer Stats
Country % Correct
United States
99%
China
98%
Japan
96%
Germany
94%
United Kingdom
93%
India
92%
Canada
91%
Russia
91%
France
89%
Australia
84%
Mexico
83%
Taiwan
83%
Netherlands
77%
Poland
74%
Vietnam
72%
Thailand
67%
Singapore
61%
Malaysia
60%
United ArabEmirates
43%
Czechia
42%
No matching quizzes found
Score Distribution
Percent of People with Each Score
Percentile by Number Answered
Your Score History
You have not taken this quiz